| 000 | 00422nam a22001577a 4500 | ||
|---|---|---|---|
| 999 |
_c1441 _d1441 |
||
| 008 | 200124b ||||| |||| 00| 0 eng d | ||
| 020 | _a9780070964433 | ||
| 082 | 0 | 0 |
_a621.954 _bH6779 |
| 110 |
_95413 _aHindustan Machine Tools (HMT) |
||
| 245 | 1 | 0 | _aProduction technology / |
| 250 | _a35th ed., Repr. | ||
| 260 |
_aNew Delhi: _bMcGraw Hill, _c2013. |
||
| 300 | _a870 p. | ||
| 650 | 0 | _aProduction Engineering | |
| 942 | _cBK | ||